150 atrizes brasileiras - Statistics

Estatísticas Gerais
  • Esse quiz foi jogado 405 vezes
  • A pontuação média é 39 de 150
Estatísticas das Respostas
Resposta % Correto
Fernanda Montenegro
80%
Juliana Paes
77%
Adriana Esteves
73%
Nívea Maria
73%
Bruna Marquezine
71%
Taís Araújo
69%
Glória Pires
68%
Fernanda Torres
65%
Cláudia Raia
63%
Regina Duarte
63%
Flávia Alessandra
62%
Marina Ruy Barbosa
61%
Paolla Oliveira
61%
Déborah Secco
56%
Susana Vieira
56%
Camila Pitanga
55%
Giovana Antonelli
54%
Débora Falabella
52%
Renata Sorrah
52%
Vera Fischer
52%
Carolina Dieckmann
50%
Mariana Ximenes
50%
Dira Paes
47%
Gabriela Duarte
47%
Christiane Torloni
46%
Cláudia Abreu
44%
Glória Menezes
44%
Lília Cabral
44%
Patrícia Pillar
44%
Cléo Pires
43%
Leandra Leal
43%
Laura Cardoso
42%
Letícia Spiller
42%
Malu Mader
42%
Aline Moraes
41%
Alessandra Negrini
40%
Andréa Beltrão
39%
Marieta Severo
38%
Ana Paula Arósio
35%
Paloma Duarte
35%
Fernanda Souza
34%
Eva Wilma
33%
Fernanda Vasconcellos
33%
Marisa Orth
33%
Carol Castro
32%
Carolina Ferraz
32%
Débora Bloch
32%
Fabiana Karla
32%
Larissa Manoela
32%
Marjorie Estiano
32%
Cláudia Ohana
31%
Letícia Sabatella
31%
Nicette Bruno
31%
Cássia Kis
30%
Drica Moraes
30%
Vanessa Giácomo
30%
Helena Ranaldi
29%
Maria Fernanda Cândido
29%
Camila Morgado
28%
Marília Pêra
28%
Priscila Fantin
28%
Sônia Braga
27%
Vera Holtz
27%
Camila Queiroz
26%
Bárbara Paz
25%
Giulia Gam
25%
Luana Piovani
25%
Lucinha Lins
25%
Sophie Charlotte
25%
Zezé Polessa
25%
Fernanda Rodrigues
24%
Bianca Rinaldi
23%
Natália do Vale
23%
Juliana Paiva
22%
Bruna Lombardi
21%
Elizângela
21%
Maitê Proença
21%
Regiane Alves
21%
Rosamaria Murtinho
21%
Samara Felippo
21%
Alice Braga
20%
Giovanna Ewbank
20%
Heloísa Périssé
20%
Vivianne Pasmanter
20%
Bette Faria
19%
Sheron Menezzes
19%
Totia Meireles
19%
Giovanna Lancellotti
18%
Juliana Alves
18%
Letícia Colin
18%
Danielle Winits
17%
Elizabeth Savala
17%
Júlia Lemmertz
17%
Mariana Rios
17%
Mel Lisboa
17%
Nívea Stelmann
17%
Ana Beatriz Nogueira
16%
Cláudia Rodrigues
16%
Denise Fraga
16%
Lucélia Santos
16%
Nanda Costa
16%
Carla Diaz
15%
Débora Evelyn
14%
Bruna Linzmeyer
13%
Joana Fomm
13%
Luma de Oliveira
13%
Guta Stresser
12%
Carolina Kasting
11%
Lavínia Vlasak
11%
Nair Bello
11%
Bárbara Borges
10%
Carol Duarte
10%
Lúcia Veríssimo
10%
Solange Couto
10%
Daniela Escobar
9%
Daniele Suzuki
9%
Maria Padilha
9%
Roberta Rodrigues
9%
Gisele Itié
8%
Louise Cardoso
8%
Vera Zimmerman
8%
Adriane Galisteu
7%
Fernanda Paes Lemes
7%
Juliana Knust
7%
Vanessa Gerbelli
7%
Fátima Freire
6%
Paula Burlamaqui
6%
Rosi Campos
6%
Tainá Müller
6%
Dani Calabresa
5%
Júlia Almeida
5%
Maria Maya
5%
Silvia Pfeifer
5%
Bianca Comparato
4%
Luciana Vendramini
4%
Myrian Rios
4%
Samantha Schmütz
4%
Thaila Ayala
4%
Karina Bacchi
3%
Giselle Tigre
2%
Mylla Christie
2%
Sthefany Brito
2%
Thaís Fersoza
2%
Katiuscia Canoro
1%
Patrícia de Sabrit
1%
Paula Picarelli
1%
Franciely Freduzeski
0%
Tania Khalill
0%
Viétia Zangrandi
0%
Nenhum quiz correspondente encontrado
Distribuição das Pontuações
Porcentagem de Pessoas com Cada Pontuação
Percentil de Números Respondidos
Sua Pontuação Histórica
Você não jogou esse quiz